[Event "Kuala Lumpur UM KPT op"]
[Site "Kuala Lumpur"]
[Date "2016.12.18"]
[Round "8"]
[White "Cheong, Ze Wei"]
[Black "Azman, Norhidayah"]
[Result "0-1"]
[WhiteElo "1102"]
[BlackElo "1526"]
[PlyCount "62"]
[EventDate "2016.12.16"]
[EventType "swiss"]
[EventRounds "9"]
[EventCountry "MAS"]
[SourceTitle "CBM 176 Extra"]
[Source "ChessBase"]
[SourceDate "2017.03.02"]
[SourceVersion "1"]
[SourceVersionDate "2017.03.02"]
[SourceQuality "1"]

1. g3 d5 2. Bg2 Nf6 3. d3 g6 4. Nd2 Bg7 5. Ngf3 0-0 6. 0-0 Nc6 7. Re1 e5 8. e4 dxe4 9. dxe4 Qe7 10. b3 Rd8 11. Qe2 Bg4 12. Bb2 Nd4 13. Bxd4 Rxd4 14. h3 Bxf3 15. Bxf3 Rad8 16. Rad1 Qd7 17. Nc4 Rxd1 18. Rxd1 Qxd1+ 19. Qxd1 Rxd1+ 20. Bxd1 Nxe4 21. Bf3 Nc3 22. a4 e4 23. Bg2 Bd4 24. Nd2 e3 25. Nf3 e2 26. Ne1 Nd1 27. Bf3 Bxf2+ 28. Kg2 Bxe1 29. Bxe2 Ne3+ 30. Kf3 Nxc2 31. Ke4 Bxg3 0-1

[Event "Kuala Lumpur UM KPT op"]
[Site "Kuala Lumpur"]
[Date "2016.12.17"]
[Round "5"]
[White "Aswadi, Anis Nadia"]
[Black "Cheong, Ze Wei"]
[Result "0-1"]
[WhiteElo "1389"]
[BlackElo "1102"]
[PlyCount "87"]
[EventDate "2016.12.16"]
[EventType "swiss"]
[EventRounds "9"]
[EventCountry "MAS"]
[SourceTitle "CBM 176 Extra"]
[Source "ChessBase"]
[SourceDate "2017.03.02"]
[SourceVersion "1"]
[SourceVersionDate "2017.03.02"]
[SourceQuality "1"]

1. e4 g6 2. d4 Bg7 3. Nf3 d6 4. Nc3 Nd7 5. Bc4 h6 6. Bb5 a6 7. Bc4 e5 8. d5 Ngf6 9. h3 0-0 10. Be3 Nb6 11. Qd3 c6 12. 0-0 Re8 13. Rad1 cxd5 14. exd5 e4 15. Qd4 Nxc4 16. Qxc4 exf3 17. gxf3 Bxh3 18. Rfe1 Rc8 19. Qh4 Bf5 20. Rd2 g5 21. Qh2 b5 22. Ree2 b4 23. Nb1 a5 24. c3 Bxb1 25. cxb4 axb4 26. Re1 Bxa2 27. Qg2 Nxd5 28. Rxd5 Bxd5 29. Bxg5 Rxe1+ 30. Kh2 Qxg5 31. Qxg5 hxg5 32. b3 Bxb3 33. f4 gxf4 34. f3 Bd1 35. Kg2 Bxf3+ 36. Kxf3 Bd4 37. Kxf4 f5 38. Kf3 Bf2 39. Kxf2 Rce8 40. Kf3 f4 41. Kf2 f3 42. Kg3 f2 43. Kxf2 Kf7 44. Kf3 0-1

[Event "Kuala Lumpur UM KPT op"]
[Site "Kuala Lumpur"]
[Date "2016.12.17"]
[Round "6"]
[White "Cheong, Ze Wei"]
[Black "Mislah, Haikal Syafie"]
[Result "1/2-1/2"]
[WhiteElo "1102"]
[BlackElo "1452"]
[PlyCount "35"]
[EventDate "2016.12.16"]
[EventType "swiss"]
[EventRounds "9"]
[EventCountry "MAS"]
[SourceTitle "CBM 176 Extra"]
[Source "ChessBase"]
[SourceDate "2017.03.02"]
[SourceVersion "1"]
[SourceVersionDate "2017.03.02"]
[SourceQuality "1"]

1. g3 d5 2. Bg2 Nf6 3. d3 e5 4. Nd2 Nbd7 5. e4 d4 6. Ngf3 Be7 7. 0-0 0-0 8. Re1 Re8 9. c3 c5 10. Nc4 Qc7 11. b4 dxc3 12. bxc5 Bxc5 13. Qc2 Nb6 14. Qxc3 Nxc4 15. dxc4 b5 16. a4 bxc4 17. Nd2 Rb8 18. Ba3 1/2-1/2